Score 0/10 Timer 01:00
0 Plays Today
% Correct
Amaretto
96.7%
Amphitheatre
94.6%
Amphibious
94.1%
Amoeba
93.2%
Amber
93%
Amorphous
89.4%
Ambergris
88.6%
Ambidextrous
88.4%
Ambiguous
85%
Ambivalence
81.1%
Remove Ads.
Support Sporcle.
Get the best of Sporcle when you Go Orange. This ad-free experience offers more features, more stats, and more fun while also helping to support Sporcle. Thank you for becoming a member.

You're not logged in!

Compare scores with friends on all Sporcle quizzes.
OR
Log In

Sporcle TV

Today on Sporcle TV


Watch our educational content, quiz creation guides, and fun videos on Sporcle TV.

Show Comments

Extras

Top Quizzes Today


Score Distribution

Paid Content

Your Account Isn't Verified!

In order to create a playlist on Sporcle, you need to verify the email address you used during registration. Go to your Sporcle Settings to finish the process.

Report this User

Report this user for behavior that violates our Community Guidelines.

Details: